000 00457pam a2200157 a 4500
020 _a9781444103267
_c
041 _h
082 _a658
_bDOH/THO
100 _aDoherty C ,.
_eAuthor .
245 _aBe A Better Leader /
_hTextual Documents
260 _a[s.l]:
_bThe Tech Yourself Leadiership Licensing Agency LTD . Landon,
_c2010.
300 _a336:
_bxvi;
_c19*12.
653 _aGeneral management
700 _aThompson J. E ,
_eAuthor.
930 _a14988
999 _c58210
_d58210